00907 a2200193 45000010006000000050017000060080041000230030015000640400040000790800124001192450104002432500012003472640051003593000018004105050241004280410008006691000015006777000021006924377820260407155718.0260407a1974 arg spa dAR-UNSa-BCEJYS aAR-UNSa-BCEJYSbspacAR-UNSa-BCEJYS a330.101xCiencia económica en general. La economía y sus problemas. Objeto y métodos de la economía política 10aIntroducción general a la crítica de la economía política/1857bMarxismo y ciencias humanas a8a. ed. 1aCórdoba :bEdiciones Pasado y Presentec1974 a41 p.c20 cm. a1. Advertencia - 2. Marxismo y ciencias humanas / Cesare Luporini - 3. Introducción general a la crítica de la economía política / Karl Marx - 4. Prólogo a contribución a la crítica de la economía política / Karl Marx  aspa1 aMarx, Karl1 aLuporini, Cesare